| 000 | 00539nam a22001577a 4500 | ||
|---|---|---|---|
| 999 |
_c4900 _d4900 |
||
| 020 | _a9780751007510 | ||
| 020 | _a075100751X | ||
| 050 |
_aKD442 _b.C76 |
||
| 245 |
_aConstitutional law : _b1996 Examination questions suggested solutions _cSolutions by Jonanthan Miller |
||
| 260 |
_aLondon _bUniversity of London; HLT Publications _c1996 |
||
| 300 | _ax,60p. | ||
| 505 | _aIntroduction Examination paper Suggested Solutions Question 1- 8 | ||
| 650 |
_aConstitutional law _xExamination paper |
||
| 650 | _aSuggested Solutions | ||
| 942 | _cBK | ||